02220nam a2200301 u 4500001000800000005001700008007001000025008004100035035001200076040001300088041000800101080000700109100004100116245011300157260003500270300001100305520130200316650002901618650001401647650002901661650002501690700003901715700004101754700004301795856006001838502001201898526000801910152289720260508093457.0co|||||||190402s2016 spa  a1522897 ccomduadb aspa aWE10aCastaño Gonzalez, Alonso4auteaut10aFuncionamiento y estado de salud en una población de amputados de miembro inferior en Medellín, Colombia aMedellín :bAutor(a),c2016. aCD-ROM3 aObjetivo General: Establecer una medida del funcionamiento y el estado de salud percibido entre amputados de miembro inferior. Metodología: Estudio de corte transversal para evaluar el funcionamiento con el WHO-DAS II y el estado de salud con el EQ-5D. Resultados: Se entrevistaron 154 pacientes, se observaron peores puntajes en el dominio de movilidad, media 21.66 +/-17.61 en amputados sobre la rodilla, media de 25.77 +/-22.89 bajo rodilla. No se encontraron diferencias estadísticamente significativas por nivel de amputación o etiología pero en aquellos pacientes cuyo tiempo transcurrido desde la amputación era menor o igual a 5 años, la media en el dominio de movilidad fue superior al resto de los grupos (30.8; +/- 26.12) con diferencias estadísticamente significativas entre los grupos; P=0,023. En el EQ 5D la mediana de los índices ponderados de calidad de vida en pacientes cuyo tiempo desde la cirugía era de 5 años o menos fue de 0.82 con diferencias estadísticamente significativas con aquellos que llevaban más tiempo desde la amputación (P 0,004). Conclusión: El nivel de funcionamiento y la calidad de vida parecen estar más asociados con el tiempo transcurrido desde la amputación que con el nivel de amputación o la etiología de la misma. aCalidad de vida en salud aAmputados 7aExtremidad inferior2dcs 7aEstado de salud2dcs10aLugo Agudelo, Luz Helena4thseths10aCeballos González, Mateo4thseths10aVera Giraldo, Claudia Yaneth4thseths4 uhttp://bibliotecadigital.udea.edu.co/handle/10495/12882 b225c18 a227